| 000 | 01425nam a2200361 c 4500 | ||
|---|---|---|---|
| 003 | BLK | ||
| 005 | 20210109135220.0 | ||
| 008 | 180410b bul|||||r ||||||| ||bul|| | ||
| 010 | _aKNG00167680000 | ||
| 040 | _aBLK | ||
| 041 |
_aBUL _cBUL |
||
| 080 |
_aРелигии на Китай _b299.51 _x _z299.51 |
||
| 100 | 1 |
_aКюнстлер, Мечислав _eпърви автор _986782 |
|
| 700 | 1 |
_aМилева, Милена Михайлова _eпрев. от пол. _9334891 |
|
| 139 |
_aКюнстлер, Мечислав _bК 99 |
||
| 245 | 1 | 0 |
_aМитология на Китай _cМечислав Кюнстлер; прев. от пол. Милена Михайлова Милева. |
| 257 | _aPOL | ||
| 260 |
_аСофия _bБълг. художник _c1987 |
||
| 300 |
_a303 с. _c16 см |
||
| 380 | _a2 | ||
| 490 | 1 | _aСветовни митологии | |
| 500 | _aОриг. загл. Mitologia chinska / Mieczyslaw J. Kunstler. - По-важни божества и други митологични герои. - Библиогр. с. 296-297. | ||
| 650 | 4 |
_aРелигии - Китай _9292719 |
|
| 651 | 4 |
_aКитай _9242505 |
|
| 653 | _aрелигии | ||
| 653 | _aКитай | ||
| 653 | _aмитология | ||
| 852 | _aЦб І 23713 | ||
| 856 | 4 |
_qpdf _u |
|
| 856 | 4 |
_qpdf _u |
|
| 942 |
_cKNG _n0 _04 |
||
| 944 |
_aCR _c26.11.2014 _lф / _kКамелия_Данева |
||
| 944 |
_aED _c03.11.2016 _lф / _kЛюдмила_Стоянова |
||
| 999 |
_c160469 _d160469 |
||